000 00525nam a2200169 i 4500
001 183842
003 ES-MaACL
005 20240116201516.0
008 141023s1881 sp |||| | spa d
245 0 0 _aHomenaje a la memoria de ... Arias Montano y Bravo Murillo, hijos de Fregenal...
260 _aFregenal :
_b[s.n.],
_c1881.
500 _aEl Eco de Fregenal.
700 0 _aArias Montano, Benito.
_922787
700 1 _aBravo Murillo, Juan,
_d1803-1873
_931496
852 _aES-MaACL
_jT-699-F-3
999 _c183842
_d183842